000 00816cam1a220027700 4500
001 lce00627410
008 680301c19671963nyuac b 000 0 eng
010 _a 68003255
035 _a(Sirsi) r61223
035 _a(DLC) 68003255
035 _a(UPRA)lce00627410
040 _dUPRA
050 0 _aTN279
_b.L314 1967
082 _a622/.23
100 1 _aLangefors, U.
_6A20699.1
245 1 4 _aThe modern technique of rock blasting /
_cby U. Langefors and B. Kihlstrom.
250 _a[2nd ed.].
260 _aNew York :
_bWiley,
_c[1967, c1963]
500 _aOn spine: Rock blasting.
504 _aBibliography: p. 366-374.
650 0 _aBlasting.
_6S14576.1
700 1 _aKihlstrom, Bjorn.
_6A20700.1
740 0 _aRock blasting.
949 _aTN279
_wlcc
_i-80686
_mMAIN
_tBOOK
_lON-SHELF
004 61223
999 _c163540
_d163540